000 00346nam a2200157Ia 4500
003 Ost
005 20260225132547.0
008 260225s9999||||xx |||||||||||||| ||und||
040 _cfsic
041 _afre
082 _a440
100 _aPatrick Eveno
_eAuteur
245 0 _aLa guerre d'Algérie /
245 0 _cPatrick Eveno
942 _cكتاب
999 _c33881
_d33881